North American Martyrs Quiz Stats

Quiz not verified by Sporcle

Challenge
Share
Tweet
Embed
Score 0/8 Timer 06:00
0 Plays Today
Killed Name % Correct
October 18, 1646Isaac Jogues
86.8%
September 23, 1642René Goupil
60.5%
March 16, 1649Jean de Brébeuf
42.1%
October 19, 1646Jean de Lalande
39.5%
July 4, 1648Antoine Daniel
26.3%
December 7, 1649Charles Garnier
18.4%
March 17, 1649Gabriel Lalement
13.2%
December 8, 1649Noël Chabanel
7.9%

You're not logged in!

Compare scores with friends on all Sporcle quizzes.
Join for Free
OR
Log In

You Might Also Like...

Show Comments

Extras

Top Quizzes Today


Score Distribution

Your Account Isn't Verified!

In order to create a playlist on Sporcle, you need to verify the email address you used during registration. Go to your Sporcle Settings to finish the process.

Report this User

Report this user for behavior that violates our Community Guidelines.

Details: